Responses for Show #4437 - Tuesday, December 16, 2003

Contestants

[<< previous game]

John Haynes, a meteorologist from Alexandria, Virginia

Erin Topping, a high school English teacher from Santa Ana, California

Wes Johnson, a band manager and attorney from Columbia, South Carolina (whose 2-day cash winnings total $22,000)

[next game >>]

Jeopardy! Round responses

WORLD HOLIDAYS & OBSERVANCES
"C" IN ROCK
FLORA
CORPORATE SYMBOLS
(Alex: Classic corporate symbols.)
THE 1920s
BY THE NUMBERS
    $200 7
the Sultan of Brunei

John
    $200 1
The Clash

Wes
    $200 26
avocado

Erin
    $200 12
spoon

Wes
    $200 19
sound

Erin
    $200 6
108

John
    $400 8
Bastille Day

Wes
    $400 2
The Cars

Wes
    $400 27
ivy

Wes
    $400 13
Cracker Jack

Wes
    $400 20
Babe Ruth

Wes
    $400 16
[as of this show date]

15

Triple Stumper
    $600 9
Halloween

John
    $600 3
Cheap Trick

Wes
    $600 28
peach

John
    $600 14
Nabisco

Triple Stumper
    $1,000 21
(Wes: What is a kissing marathon?)
(Alex: [*]; remember the film They Shoot Horses, Don't They?)

a dance marathon

Wes
    $600 17
(Wes: What is 6?)
(John: What is 5?)

7

WesErinJohn
    $800 10
grape

Triple Stumper
    $800 4
Cinderella

Wes
    $800 29
radish

Triple Stumper
    $800 15
(Alex: They are better known as Manny, Moe & Jack, [*].)

the Pep Boys

Triple Stumper
    $800 22
fire engine

John
    $800 18
(Alex: He played Joe Friday on Dragnet, and that was badge number [*].)

714

Triple Stumper
    $1000 11
(John: What is the Ascension?)

Pentecost

John
Triple Stumper
    $1000 5
"Come As You Are"

Triple Stumper
    $1000 30
pine

Erin
    $1000 24
(Erin: What is a circle?)

the letter A

Erin
Triple Stumper
    $1000 23
Sacco and Vanzetti

John
    $1000 25
(Alex: Minute to go now.)

17

John

Scores at the first commercial break (after clue 15):

Wes Erin John
$3,000 $0 $0

Scores at the end of the Jeopardy! Round:

Wes Erin John
$2,200 $1,000 $2,800

Double Jeopardy! Round responses

PHYSICISTS
BOX OFFICE BLOCKBUSTERS
NAME THE PLAYWRIGHT
SHRINE CIRCUS
SLAV-ING AWAY
"FOR" YOU
    $400 17
x-rays

John
    $400 1
Gone with the Wind

John
    $400 26
Neil Simon

Erin
    $400 6
Tokyo

John
    $400 7
Yugoslavia

John
    $400 12
fort

John
    $800 18
Atoms for Peace

Triple Stumper
    $800 2
E.T.

John
    $800 27
Arthur Miller

Erin
    $800 22
Kathmandu

John
    $800 8
the Balkan Peninsula

John
    $800 13
(John: What is Foreign Affairs?)

Foreign Relations

John
Triple Stumper
    $1200 19
Max Planck

John
    $1200 3
Lady and the Tramp

Erin
    $1200 28
(David) Mamet

Wes
    $1,000 23
Canterbury

John
    $1200 9
(Erin: What is Victor?)

Boris

Erin
Triple Stumper
    $1200 14
forgery

Erin
    $2,500 20
(John: Who was Roentgen?)

Hans Geiger

John
    $1600 4
Bambi

Wes
    $1600 29
Tom Stoppard

Erin
    $1600 24
The Kaaba

Triple Stumper
    $1600 10
Cyril

John
    $1600 15
foreground

John
    $2000 21
Niels Bohr

Triple Stumper
    $2000 5
Birth of a Nation

Wes
    $2000 30
August Wilson

Triple Stumper
    $2000 25
the Sikhs

Triple Stumper
    $2000 11
Indo-European

John
    $2000 16
(Alex: He died, but he had accumulated enough points to win the championship anyway.)

Formula One Racing

Triple Stumper

Scores at the end of the Double Jeopardy! Round:

Wes Erin John
$7,000 $5,000 $11,300

[wagering suggestions for these scores]

Final Jeopardy! Round responses

THE OLYMPICS
(Alex: John, what is your response?)
(Jone: Oh, that's a small town in Germany!)
ErinWhat is ?
$3,000
WesWhat is Oslo
$3,000
JohnWhat Granische Partarkin
$2,701
Innsbruck, Austria

Final scores:

Wes Erin John
$4,000 $2,000 $8,599
2nd place: $2,000 3rd place: $1,000 New champion: $8,599

Game dynamics:

Coryat scores:

Wes Erin John
$8,000 $5,000 $14,000
12 R,
2 W
(including 1 DD)
9 R,
2 W
20 R
(including 1 DD),
4 W
(including 1 DD)

Combined Coryat: $27,000

[game clues] [game scores] [suggest correction]

Game tape date: 2003-10-21
The J! Archive is created by fans, for fans. Scraping, republication, monetization, and malicious use prohibited; this site may use cookies and collect identifying information. See terms. The Jeopardy! game show and all elements thereof, including but not limited to copyright and trademark thereto, are the property of Jeopardy Productions, Inc. and are protected under law. This website is not affiliated with, sponsored by, or operated by Jeopardy Productions, Inc. Join the discussion at JBoard.tv.